|
|
|
|
| LEADER |
00000nab a2200000 a 4500 |
| 001 |
vtls008831023 |
| 003 |
SK-MaSNL |
| 005 |
20260304144251.0 |
| 008 |
250505c2006 xo mr|p|||||||000 b|slo |
| 015 |
|
|
|a SNBRB2006/07
|2 snkbucl
|
| 035 |
|
|
|a (uuid)500a119f-f9c9-49c5-be5e-0d7fb666249a
|
| 035 |
|
|
|a urn:nbn:sk:snk-abc0gm
|
| 035 |
|
|
|a (urnnbn)urn:nbn:sk:snk:ar-000odm
|
| 038 |
|
|
|a SNKBUCL
|
| 040 |
|
|
|a SNKBUCL
|b slo
|c SNKBUCL
|e AACR2
|
| 041 |
0 |
|
|a slo
|
| 044 |
|
|
|a xo
|c SK
|
| 080 |
|
|
|a 82:929:821.162.4
|2 1997
|
| 080 |
|
|
|a 821.162.4:929
|2 1997
|
| 080 |
|
|
|a 929 Cabadaj, Peter
|2 1997
|
| 100 |
1 |
|
|a Maťovčík, Augustín,
|d 1937-
|4 aut
|9 98490
|
| 245 |
1 |
0 |
|a Pocta Petrovi Cabadajovi
|b (Pri príležitosti prezentácie Personálnej bibliografie k 40. narodeninám)
|c Augustín Maťovčík
|
| 300 |
|
|
|b Fotogr.
|
| 600 |
1 |
7 |
|a Cabadaj, Peter,
|d 1966-
|2 snkbucl
|9 98153
|
| 773 |
0 |
|
|t Knižnica
|g Roč. 7, č. 5 (2006), s. 55-56
|x 1335-7026
|
| 850 |
|
|
|a Slovenská národná knižnica
|
| 852 |
|
|
|a Slovenská národná knižnica
|
| 856 |
4 |
1 |
|u http://www.snk.sk/images/snk/casopis_kniznica/2006/maj/55.pdf
|
| 954 |
|
|
|a odborná, vedecká literatúra pôvodná (slovenská)
|2 lita
|
| 958 |
|
|
|a article15
|
| 958 |
|
|
|a OND
|
| 958 |
|
|
|a KL
|
| 958 |
|
|
|a NX
|
| 958 |
|
|
|a EUIPO
|
| 999 |
|
|
|c 2930321
|d 2932251
|